Mikrobiologie : pracovní sešit /

Main Author: Růžek, Lubomír, 1955-
Corporate Author: Česká zemědělská univerzita v Praze. Katedra mikrobiologie, výživy a dietetiky
Language: Czech
Published: V Praze : Česká zemědělská univerzita, 2008
Subjects:
Physical Description: 75 s. : il. ; 30 cm
Book
Saved in:
LEADER 01776nam a2200445 a 4500
001 nkc20081817727
003 CZ PrNK
005 20090528113108.0
007 ta
008 090327s2008 xr a e p 000 0 cze
015 |a cnb001817727 
020 |a 978-80-213-1815-1  |q (brož.) :  |c Kč 90,00 
035 |a (OCoLC)320201323 
040 |a ABA001  |b cze 
072 7 |a 579  |x Mikrobiologie  |2 Konspekt  |9 2 
072 7 |a 37.016  |x Učební osnovy. Vyučovací předměty. Učebnice  |2 Konspekt  |9 22 
080 |a 579+578  |2 MRF 
080 |a (076.5)  |2 MRF 
080 |a (076.1)  |2 MRF 
080 |a (075.8)  |2 MRF 
100 1 |a Růžek, Lubomír,  |d 1955-  |7 mzk2005266007  |4 aut 
245 1 0 |a Mikrobiologie :  |b pracovní sešit /  |c Lubomír Růžek a kolektiv 
260 |a V Praze :  |b Česká zemědělská univerzita,  |c 2008 
300 |a 75 s. :  |b il. ;  |c 30 cm 
500 |a Nad názvem: Fakulta agrobiologie, potravinových a přírodních zdrojů, katedra mikrobiologie, výživy a dietetiky 
521 8 |a Určeno pro posluchače bakalářských studijních programů na FAPPZ a ITSZ ČZU v Praze 
650 0 7 |a mikrobiologie  |7 ph115303  |2 czenas 
650 0 9 |a microbiology  |2 eczenas 
655 7 |a laboratorní cvičení  |7 fd163936  |2 czenas 
655 7 |a pracovní sešity  |7 fd133116  |2 czenas 
655 7 |a učebnice vysokých škol  |7 fd133772  |2 czenas 
655 9 |a laboratory manuals  |2 eczenas 
655 9 |a activity books  |2 eczenas 
655 9 |a textbooks (higher)  |2 eczenas 
710 2 |a Česká zemědělská univerzita v Praze.  |b Katedra mikrobiologie, výživy a dietetiky  |7 mzk2005266585 
910 2 |a BOA001  |b 4-1221.230 
990 |a BK 
995 |a 01 
991 |b 200904  |c NOV 
996 6 |b 2610373898  |c 4-1221.230  |l MZK  |r Sklad / do 1 hodiny  |n 2  |p p.v.  |w 000933556  |u 000010  |a 1  |e BOA001  |j MZK50  |s P